Movies Quiz

Random Movies or Actress Quiz

The Cast of Blazing Saddles Quiz Stats

 Plays Quiz not verified by Sporcle

Score 0/10 Timer 08:00
0 Plays Today
Character Name Actor/Actress % Correct
Waco KidGene Wilder
95.7%
Governor Le PetomaneMel Brooks
91.4%
Lilli Von ShtuppMadeline Kahn
75.2%
BartCleavon Little
71.9%
Hedley LamarrHarvey Korman
69.5%
TaggartSlim Pickens
63.8%
MongoAlex Karras
60.5%
Reverend JohnsonLiam Dunn
10%
LyleBurton Gilliam
9%
Gabby JohnsonJack Starrett
6.2%

You're not logged in!

Compare scores with friends on all Sporcle quizzes.
OR
Log In

Show Comments

Extras

Top Quizzes Today


Score Distribution

Your Account Isn't Verified!

In order to create a playlist on Sporcle, you need to verify the email address you used during registration. Go to your Sporcle Settings to finish the process.

Report this User

Report this user for behavior that violates our Community Guidelines.

Details: